000 00411nam a2200133Ia 4500
008 220217s9999||||xx |||||||||||||| ||und||
020 _a81-7635-435-X
082 _a005.71 WAL
100 _aWalther, Stephen Levine, Jonathan
_92797
245 0 _aSama teach yourself e-commerce programming with ASP in 21 da
260 _aTechmedia
_bNew Delhi
_c2000
300 _b210
650 _aDATA COMMUNICATION
_91124
999 _c170027
_d170027